Statistics for Were These Movies Based on Books?

Click here to take the quiz!

General Stats

  • This quiz has been taken 22,572 times
  • The average score is 11 of 15

Answer Stats

QuestionAnswer% Correct
Finding NemoNot
94%
The Wizard of OzBased on a book
90%
Gone With the WindBased on a book
86%
The Silence of the LambsBased on a book
84%
Star WarsNot
84%
Pulp FictionNot
79%
InceptionNot
79%
The Hunt for Red OctoberBased on a book
76%
The GodfatherBased on a book
75%
La La LandNot
71%
The Princess BrideBased on a book
63%
Jurassic ParkBased on a book
61%
Annie HallNot
60%
Almost FamousNot
56%
Good Will HuntingNot
55%

Score Distribution

Percentile by Number Answered

Percent of People with Each Score

Your Score History

You have not taken this quiz